| 000 | 00819nam a22002417a 4500 | ||
|---|---|---|---|
| 005 | 20170124110038.0 | ||
| 010 | _a859432 | ||
| 020 | _c55.00 | ||
| 035 | _a859432 | ||
| 037 | _bCen Lib/Ret | ||
| 040 |
_aDPL _bEN |
||
| 082 |
_a333 _bDIA |
||
| 100 |
_aDial, Rameshwar _915225 |
||
| 245 |
_aThe urban land (ceiling and regulation) act, 1976 _cby Rameshwar Dial, Sharda Aggarwal [and] Adarsh B. Dial |
||
| 260 |
_aDelhi _bAnand Law House _c1976 |
||
| 270 |
_bDelhi _a2776, Bhatnagar Building, Kashmere Gate _e110006 |
||
| 300 |
_axxxii,103p. _c24cm(Hb) |
||
| 650 |
_aCity planning and redevelopment law -- India _923053 |
||
| 650 |
_aLand reform -- Law and legislation -- India _923054 |
||
| 700 |
_aAggarwal, Sharda _923055 |
||
| 700 |
_a. Dial, Adarsh B. _93012 |
||
| 942 |
_2ddc _cEN _h333 _mDIA |
||
| 999 |
_c128323 _d128323 |
||